<?xml version="1.0" encoding="UTF-8"?>
<record
    xmlns:xsi="http://www.w3.org/2001/XMLSchema-instance"
    xsi:schemaLocation="http://www.loc.gov/MARC21/slim http://www.loc.gov/standards/marcxml/schema/MARC21slim.xsd"
    xmlns="http://www.loc.gov/MARC21/slim">

  <leader>03384nam a2200565Ia 4500</leader>
  <controlfield tag="001">608</controlfield>
  <controlfield tag="008">241029s9999    xx            000 0 und d</controlfield>
  <datafield tag="010" ind1=" " ind2=" ">
    <subfield code="a">550</subfield>
  </datafield>
  <datafield tag="041" ind1=" " ind2=" ">
    <subfield code="a">Espa&#xF1;ol</subfield>
  </datafield>
  <datafield tag="082" ind1=" " ind2=" ">
    <subfield code="a">NO APLICA</subfield>
  </datafield>
  <datafield tag="245" ind1=" " ind2="0">
    <subfield code="a">Factores que influyen en el incremento de la violencia de los ni&#xF1;os y ni&#xF1;as de 12 a 14 a&#xF1;os en el Colegio Dominico-Franc&#xE9;s del Sector Invivienda Santo Domingo Este, del Distrito Educativo 10-01, Regional 10 de Santo Domingo, en el A&#xF1;o Lectivo 2012-2013</subfield>
  </datafield>
  <datafield tag="260" ind1=" " ind2=" ">
    <subfield code="a">Santo Domingo</subfield>
  </datafield>
  <datafield tag="300" ind1=" " ind2=" ">
    <subfield code="a">103</subfield>
  </datafield>
  <datafield tag="520" ind1=" " ind2=" ">
    <subfield code="a">30</subfield>
  </datafield>
  <datafield tag="630" ind1=" " ind2=" ">
    <subfield code="a">Bajo Rendimiento</subfield>
  </datafield>
  <datafield tag="630" ind1=" " ind2=" ">
    <subfield code="a">Capacitaci&#xF3;n Docente</subfield>
  </datafield>
  <datafield tag="630" ind1=" " ind2=" ">
    <subfield code="a">Desintegraci&#xF3;n Familiar</subfield>
  </datafield>
  <datafield tag="630" ind1=" " ind2=" ">
    <subfield code="a">Disciplina Escolar</subfield>
  </datafield>
  <datafield tag="630" ind1=" " ind2=" ">
    <subfield code="a">Proceso de Ense&#xF1;anza-Aprendizaje</subfield>
  </datafield>
  <datafield tag="650" ind1=" " ind2=" ">
    <subfield code="a">Violencia</subfield>
  </datafield>
  <datafield tag="690" ind1=" " ind2=" ">
    <subfield code="a">Elaborado</subfield>
  </datafield>
  <datafield tag="700" ind1=" " ind2=" ">
    <subfield code="e">asesor</subfield>
    <subfield code="a">P&#xE9;rez, Miledys</subfield>
  </datafield>
  <datafield tag="700" ind1=" " ind2=" ">
    <subfield code="e">autor</subfield>
    <subfield code="a">Abreu Ventura , Adalgisa</subfield>
  </datafield>
  <datafield tag="901" ind1=" " ind2=" ">
    <subfield code="a">{"1":"Abreu Ventura "}</subfield>
    <subfield code="b">{"1":"Adalgisa"}</subfield>
  </datafield>
  <datafield tag="902" ind1=" " ind2=" ">
    <subfield code="a">1</subfield>
  </datafield>
  <datafield tag="903" ind1=" " ind2=" ">
    <subfield code="a">{"1":"P&#xE9;rez"}</subfield>
    <subfield code="b">{"1":"Miledys"}</subfield>
  </datafield>
  <datafield tag="904" ind1=" " ind2=" ">
    <subfield code="a">Maestr&#xED;a en</subfield>
  </datafield>
  <datafield tag="905" ind1=" " ind2=" ">
    <subfield code="a">Ciencias de la Educaci&#xF3;n</subfield>
  </datafield>
  <datafield tag="906" ind1=" " ind2=" ">
    <subfield code="a">2</subfield>
  </datafield>
  <datafield tag="907" ind1=" " ind2=" ">
    <subfield code="a">NO APLICA</subfield>
  </datafield>
  <datafield tag="908" ind1=" " ind2=" ">
    <subfield code="a">NO APLICA</subfield>
  </datafield>
  <datafield tag="909" ind1=" " ind2=" ">
    <subfield code="a">Universidad Abierta para Adultos (UAPA), Recinto Santo Domingo Oriental</subfield>
  </datafield>
  <datafield tag="910" ind1=" " ind2=" ">
    <subfield code="a">NULL</subfield>
    <subfield code="b">NULL</subfield>
  </datafield>
  <datafield tag="911" ind1=" " ind2=" ">
    <subfield code="a">["1"]</subfield>
  </datafield>
  <datafield tag="912" ind1=" " ind2=" ">
    <subfield code="a">NO APLICA</subfield>
  </datafield>
  <datafield tag="913" ind1=" " ind2=" ">
    <subfield code="a">NULL</subfield>
  </datafield>
  <datafield tag="914" ind1=" " ind2=" ">
    <subfield code="a">06 de Enero de 2014</subfield>
  </datafield>
  <datafield tag="915" ind1=" " ind2=" ">
    <subfield code="a">17/07/15 03:07</subfield>
  </datafield>
  <datafield tag="916" ind1=" " ind2=" ">
    <subfield code="a">NULL</subfield>
  </datafield>
  <datafield tag="917" ind1=" " ind2=" ">
    <subfield code="a">NULL</subfield>
  </datafield>
  <datafield tag="918" ind1=" " ind2=" ">
    <subfield code="a">NO APLICA</subfield>
  </datafield>
  <datafield tag="919" ind1=" " ind2=" ">
    <subfield code="a">["27","30","65","67","163"]</subfield>
  </datafield>
  <datafield tag="520" ind1=" " ind2=" ">
    <subfield code="a">Este estudio se planteo como objetivo principal determinar los factores que influyen en el incremento de la violencia en los ni&#xF1;os y ni&#xF1;as de 12 a 16 a&#xF1;os del Colegio Dominico Franc&#xE9;s del sector Invivienda, Santo Domingo Este del Distrito 06 Regional 10 en el periodo 2012-2013.La metodolog&#xED;a utilizada fue de corte cuantitativo, esta investigaci&#xF3;n es de tipo descriptiva y de campo. El m&#xE9;todo que utiliz&#xF3; fue el deductivo; las t&#xE9;cnicas empleadas fueron la encuesta y &#xA0;el cuestionario. La poblaci&#xF3;n de esta investigaci&#xF3;n estuvo &#xA0;formada por 2 orientadoras, 10 maestros y 55 estudiantes de 12 a 16 a&#xF1;os del Colegio Dominico franc&#xE9;s, lSe consult&#xF3; al total de la poblaci&#xF3;n.Los an&#xE1;lisis &#xA0;realizados indican que los factores que influyen en el incremento de la violencia en los ni&#xF1;os y ni&#xF1;as de 12 a 16 a&#xF1;os del Colegio Dominico Franc&#xE9;s del sector Invivienda &#xA0;son el bajo nivel de escolaridad y econ&#xF3;mico de los padres, &#xA0;la imitaci&#xF3;n en la conducta de maltrato f&#xED;sico, la agresividad, la &#xA0;baja autoestima, la poca aceptaci&#xF3;n por sus compa&#xF1;eros, la falta de tiempo con sus padres, la indisciplina, la poca &#xA0;supervisi&#xF3;n en los pasillos, adem&#xE1;s &#xA0;la falta de programas educativos en los planteles y en la comunidad en el uso de su tiempo libre. &#xA0;&#xA0;El estudio recomienda desarrollar estrategias junto con el departamento de orientaci&#xF3;n de la instituci&#xF3;n que le permitan tratar los episodios de agresividad, los orientadores deben implementar cursos talleres sobre manejo de conflictos en el aula e involucrar a los docentes, padres y comunidad, adem&#xE1;s de desarrollar planificaciones &#xA0;tomando en cuenta los conflicto de agresividad para trabajar en base a los problemas que se presenten durante el proceso educativo.&#xA0;</subfield>
  </datafield>
  <datafield tag="921" ind1=" " ind2=" ">
    <subfield code="a">16</subfield>
  </datafield>
  <datafield tag="922" ind1=" " ind2=" ">
    <subfield code="a">16</subfield>
  </datafield>
  <datafield tag="923" ind1=" " ind2=" ">
    <subfield code="a">0</subfield>
  </datafield>
  <datafield tag="924" ind1=" " ind2=" ">
    <subfield code="a">NO APLICA</subfield>
  </datafield>
  <datafield tag="942" ind1=" " ind2=" ">
    <subfield code="c">Tesis</subfield>
  </datafield>
  <datafield tag="999" ind1=" " ind2=" ">
    <subfield code="c">550</subfield>
    <subfield code="d">550</subfield>
  </datafield>
</record>
